000 00620nam a2200217Ia 4500
005 20250508165929.0
008 008 250505s9999 xx 000 0 eng d
037 _aTextual
040 _aFEDL
_beng
_cFEDL
041 _aeng
_2eng
084 _a323.4, BAX
_qFEDL
100 _aBaxi Upendra
245 0 _aFuture of human rights
250 _a3
260 _aNew Delhi, India
_bOxford University Press
_c2006
300 _axIiv, 339p.
365 _aINR
_b36
546 _aGifted by HOD Namita Ranaganathan in memory of Prof. Arvind Gaysu
942 _cTEXL
_h323.4, BAX
999 _c1398254
_d1398254